| 000 | 02949nam a22002897a 4500 | ||
|---|---|---|---|
| 005 | 20250820073538.0 | ||
| 008 | 250820b ||||| |||| 00| 0 eng d | ||
| 020 | _a9781118521397 (cloth) | ||
| 020 | _a9781118521359 (paperback) | ||
| 020 | _a9781118521441 (pdf) | ||
| 020 | _a9781118521410 (ePub) | ||
| 040 |
_aCO-BoUCM _cDavid Moreno _dDavid Moreno |
||
| 041 | _aeng | ||
| 060 | _aWM 145 | ||
| 100 | 1 |
_aDonnellan, M. Brent _9186565 |
|
| 245 | 1 | 0 |
_aGreat myths of personality _cM. Brent Donnellan and Richard E. Lucas. |
| 250 | _a1a.Ed | ||
| 260 |
_aHoboken, Nueva Jersey _bJohn Wiley & Sons, Inc. _c2021 |
||
| 300 | _avii, 274 Paginas | ||
| 490 | _aGreat myths of psychology | ||
| 504 | _aIncluye referencias bibliográficas e índices | ||
| 505 | _rSituational factors overwhelm personality when predicting behavior -- Personality measures do not predict consequential outcomes (like health, wealth, and divorce) well enough to be useful -- There is a single gene for a single personality trait -- Evolutionary perspectives are not relevant for personality -- People come in discrete personality types -- Personality is too complicated to be measured -- Personality measures can be faked so they are not valid -- The Myers-Briggs Type Indicator is the best approach for assessing personality -- Projective tests are the best approach for measuring personality -- Unstructured interviews are the best approach for measuring personality -- Most personality quizzes in magazines and on websites provide accurate information about your personality -- Personality traits do not have much consistency across the life span -- Personality is completely stable (or set like plaster) after age 30 -- Traumatic life events dramatically reshape personality -- Adolescence is the most significant period of personality development -- Birth order is an important influence on personality -- Parenting practices are the major source of personality differences -- Happiness is completely determined by situational factors -- Happiness is unrelated to major life events -- Happiness results primarily from person-environment fit -- There is a 3-to-1 positivity- negativity ratio for flourishing -- Personality trait similarity matters for romantic relationships -- Spouses are especially similar in terms of personality traits or spouses have complementary personality traits -- High self-esteem and narcissism are the same attribute -- Perceptions of national character reflect "real" group differences -- Personality is radically different from culture to culture -- Men are from Mars, women are from Venus (men and women have dramatically different personalities) -- Clinicians can't treat personality disorders. | ||
| 650 | 1 | 4 |
_aPersonalidad _xPsicología _xMitos _9186566 |
| 650 | 1 | 4 |
_aTeorías de la personalidad _xRasgos _xDiferencias _9186567 |
| 700 | 1 |
_aLucas, Richard Eric _9186568 |
|
| 942 |
_2NLM _a26 _cLIBRO _e1 _hWM 145 _mD685g _n0 |
||
| 999 |
_c325687 _d325687 |
||